000
00336nam a2200145Ia 4500
008
150201s2010 xx 000 0 und d
082
_a
616.07
_b
P10H
100
_a
HARSH MOHAN
245
_a
TB. OF PATHOLOGY
250
_a
6TH
260
_b
JAYPEE BROTHERS
_a
DELHI
_c
2010
300
_a
1-934
650
_a
PATHOLOGY
942
_2
ddc
_c
BK
_0
158
999
_c
128
_d
128